| 000 | 00893nac a22002537a 4500 | ||
|---|---|---|---|
| 001 | BR8002597 | ||
| 003 | BR-BrBNA | ||
| 005 | 20241219191902.0 | ||
| 008 | 230509b bl.|||m| |||| 00| 0 por d | ||
| 040 |
_aBR-BrBNA _bpor _cBiblioteca Nacional de Agricultura |
||
| 072 | _aC00; E15 | ||
| 090 |
_aC00 BR8002597 _b2024-8469 |
||
| 110 | 1 |
_aEmpresa Brasileira de Pesquisa Agropecuaria, Brasilia, DF. Depto. de Informacao e Documentacao _93872 |
|
| 245 | 1 | _aNotas sobre a difusao de tecnologia [Comunicacao; Tecnologia agricola; Brasil] | |
| 260 | 3 |
_aBrasilia, DF (Brasil): _c1980. |
|
| 300 | _a26 p. | ||
| 490 |
_aDocumentos - Empresa Brasileira de Pesquisa Agropecuaria. Depto. de Informacao e Documentacao (Brazil) _vno. 3 |
||
| 500 | _a10 ref. | ||
| 650 | _aExtensao rural | ||
| 650 | _aMicroeconomia | ||
| 650 | _aTecnologia agricola | ||
| 650 | _aComunicacao | ||
| 942 |
_2AGRIS _n0 _cMS |
||
| 999 |
_c270687 _d270687 |
||